Normal view
MARC view
- Ross, H. Laurence
Entry Personal Name
001 - CONTROL NUMBER
- control field: 104819
003 - CONTROL NUMBER IDENTIFIER
- control field: NUST
005 - DATE AND TIME OF LATEST TRANSACTION
- control field: 20221214122707.0
008 - FIXED-LENGTH DATA ELEMENTS
- fixed length control field: 221214|| aca||aabn | a|a d
040 ## - CATALOGING SOURCE
- Original cataloging agency: NUST
- Transcribing agency: NUST
100 ## - HEADING--PERSONAL NAME
- Personal name: Ross, H. Laurence
670 ## - SOURCE DATA FOUND
- Source citation: Work cat.: (NUST)178391: Ross, H. Laurence, Perspectives on the social order;, [1963]
